• 首页
  • 本馆介绍
  • 公告通知
  • 最新文献
  • 馆藏检索
  • 电子资源
  • 读者导购
  • 参考咨询
  • 我的图书馆
  • 登录
  • 详细信息显示
  • 放入我的书架
  • 预约/预借图书
  • 作者相关作品
  • 分类相关作品
  • 丛书相关作品
  • 出版社相关作品

书目信息

  • 表格格式
  • 工作单格式
  • 卡片格式
题名:
弹性波反演方法及其应用
    
 
作者: 马兴瑞[等] 著
分册:  
出版信息: 北京   科学出版社  1999.01
页数: 405页
开本: 21cm
丛书名:
单 册:
中图分类: O347.4
科图分类:
主题词: 固体力学
电子资源:
ISBN: 7-03-006778-9
000 00575nam0 2200193 45
001 0010090943
005 20040518102921.1
010    @a7-03-006778-9@dCNY26.00
100    @a20001009d1999 km y0chiy0120 ea
101 0  @achi
105    @a z 000yy
200 1  @a弹性波反演方法及其应用@ADan Xing Bo Fan Yan Fang Fa Ji Qi Ying Yong@f马兴瑞[等]著@FMa Xing Rui[Deng]Zhu
210    @a北京@c科学出版社@d1999.01
215    @a405页@c图表@d21cm
606 0  @a固体力学
690    @aO347.4@v3
701  0 @a马兴瑞[等]@4著
801    @aCN@bTSTC@c20001009
905    @b291487-491@dO347.4@e8@f5
    
    弹性波反演方法及其应用/马兴瑞[等]著.-北京:科学出版社,1999.01
    405页:图表;21cm
    
    
    ISBN 7-03-006778-9:CNY26.00
    
●
相关链接 在E读中查询图书 在五车中查询图书 在当当中查询图书 在豆瓣中查询图书


正题名:弹性波反演方法及其应用     索取号:O347.4/8         预约/预借

序号 登录号 条形码 馆藏地/架位号 状态 备注
1 0291487   002914877   第三借阅区/ [索取号:O347.4/8] 在馆    
2 0291488   002914886   第三借阅区/ [索取号:O347.4/8] 在馆    
3 0291489   002914895   第三借阅区/ [索取号:O347.4/8] 在馆    
4 0291490   002914902   第三借阅区/ [索取号:O347.4/8] 在馆    
5 0291491   002914911   第二样本阅览室/ [索取号:O347.4/8] 在馆    
唐山师范学院图书馆 欢迎您!
大连网信软件有限公司© 版权所有